| 000 | 00830cam a2200301 4500 | ||
|---|---|---|---|
| 001 | ABS68211 | ||
| 008 | 040917n2004 000 0 eng u | ||
| 035 | _a(Sirsi) u127450 | ||
| 245 | _aRegional survey: London boroughs north | ||
| 260 | _c2004 | ||
| 490 |
_aProperty Week _v69(35) 27 August 2004, 53-62(6) |
||
| 590 | _aABS | ||
| 590 | _aABS | ||
| 650 | _aLONDON BOROUGHS NORTH | ||
| 650 | _aENFIELD | ||
| 650 | _aINDUSTRIAL MARKET | ||
| 650 | _aPROPERTY-COMMERCIAL PROPERTY-RETAIL PROPERTY-RETAIL PROPERTY MARKET | ||
| 650 | _aOFFICE MARKET | ||
| 650 | _aWEMBLEY | ||
| 650 | _aCAR DEALERSHIPS | ||
| 650 | _aARSENAL FOOTBALL CLUB | ||
| 650 | _aPLANNING ISSUES | ||
| 650 | _aREGENERATION | ||
| 650 | _aST PANCRAS CHAMBERS | ||
| 650 | _aISLINGTON | ||
| 690 | _aCOMMERCIAL PROPERTY-MARKET | ||
| 942 | _n0 | ||
| 999 |
_c118016 _d118016 |
||